| 000 | 00903nam a22002897a 4500 | ||
|---|---|---|---|
| 003 | CHAP | ||
| 005 | 20220329134047.0 | ||
| 008 | 971013s1972 r 00010 d | ||
| 010 | _a14799 | ||
| 011 | _a15771 | ||
| 035 | _a19848 | ||
| 040 | _cCHAP | ||
| 082 |
_a629.1 _bB4 1972 |
||
| 100 | 0 | 0 |
_aBenítez, Alberto. _911664 |
| 245 | _aCaptación de aguas subterráneas ; nuevos métodos de prospección y de cálculo de caudales | ||
| 250 | _a2 ed. | ||
| 260 |
_aMadrid : _bDossat, _c1972 |
||
| 300 |
_a619 p. _b: ilus. ; gráfs. |
||
| 590 |
_aBATCH-UPD _b10 _c20130110 _lUCH01 _h1716 |
||
| 590 |
_aBATCH-UPD _b10 _c20130410 _lUCH01 _h1101 |
||
| 590 |
_aBATCH-UPD _b10 _c20130914 _lUCH01 _h0605 |
||
| 590 |
_aCONVERSION _b10 _c20130109 _lUCH01 _h1309 |
||
| 650 | 1 | 4 |
_aAgua subterranea. _92456 |
| 901 | _aBK | ||
| 942 | _cLIBRO | ||
| 949 |
_a629.1 B4 1972 _bBC _cLIBRO _d33724000026100 _eLIBRO _h53926 _i19848 _si |
||
| 999 |
_c14799 _d14799 |
||